| 000 | 00739nam a22002652a 4500 | ||
|---|---|---|---|
| 001 | 1557 | ||
| 003 | BD-RjUL | ||
| 005 | 20211208233347.0 | ||
| 008 | 131208t19641969nyua b 000 0 eng d | ||
| 020 | _a047153773X | ||
| 020 | _a0471537748 (pbk.) | ||
| 035 | _a(BD-RjUL)1582 | ||
| 040 |
_aDLC _cDLC _dOCL _dUKM _dEQO _dBD-RjUL _beng |
||
| 041 | _aeng | ||
| 082 | 0 | 0 |
_a301.108 _216 _bCON |
| 245 | 1 | 0 |
_aContemporary research in social psychology : _ba book of readings |
| 260 |
_aNew York : _bWiley, _c 1969 |
||
| 300 |
_axv, 653 p. _billus. _c23 cm |
||
| 504 | _aIncludes bibliographies | ||
| 650 | 0 |
_aSocial psychology _95087 |
|
| 710 | 1 |
_aLindgren, Henry Clay _95147 |
|
| 942 |
_2ddc _cBK |
||
| 999 |
_c1557 _d1557 |
||